Caín / (Registro nro. 10773)

Detalles MARC
000 -LIDER
fixed length control field 01023cam a2200349 i 4500
001 - NÚMERO DE CONTROL
Identificador de número de control 0000503
003 - IDENTIFICACDOR DE NÚMERO DE CONTROL
control field DO-SdBNP
005 - DATE AND TIME OF LATEST TRANSACTION
control field 20171214080649.0
007 - CAMPOS FIJOS DE DESCRIPCIÓN FÍSICA
fixed length control field 0000503
008 - ELEMENTOS DE LONGITUD FIJA
fixed length control field 100514s 2009 mx | |||| 000 f spa
015 ## - NÚMERO DENTRO DE LA BIBLIOGRAFÍA NACIONAL
National bibliography number
017 ## - NÚMERO DE REGISTRO DE DERECHOS DE AUTOR
Copyright or legal deposit number
Assigning agency
020 ## - ISBN
International Standard Book Number 9786071103161
035 ## - NÚMERO LOCAL
System control number
040 ## - FUENTE DE CATALOGACIÓN
Agencia que crea de manera original el registro BPMSU
Idioma de catalogación spa
Agencia que realiza la transcripción BPMSU
Convenciones de la despripción
080 ## - NÚMERO DE CLASIFICACIÓN DECIMAL UNIVERSAL
Universal Decimal Classification number
082 ## - NÚMERO DE CLASIFICACIÓN DECIMAL DE DEWEY
Classification number 869.342
Item number S243c
100 1# - ASIENTO PRINCIPAL -- NOMBRE PERSONAL
Nombre personal Saramago, José,
Fechas asociadas con el nombre 1922-2010
240 10 - TITULO UNIFORME
Título uniforme Caim /
Idioma de una obra Español
245 10 - MENCIÓN DE TITULO
Título Caín /
Medio (Designación general de material)
Mención de responsabilidad José Saramago ; traducción Pilar del Río
260 ## - PUBLICACIÓN, DISTRIBUCIÓN, ETC. (PIE DE IMPRENTA)
Lugar de publicación, distribución, etc México :
Nombre del editor, distribuidor, etc. Alfaguara;
-- Santillana Ediciones Generales,
Fecha de publicación, distribución, etc 2009
Impresor
300 ## - DESCRIPCIÓN FÍSICA
Extensión 189 p. ;
Dimensiones 21 m
500 ## - NOTA GENERAL
Nota general La biblioteca posee la tercera reimpresión del 2010.
500 ## - NOTA GENERAL
Nota general Incluye datos biográficos del autor.
586 ## - AWARDS NOTE
Awards note Premio Nobel de Literatura 1998
650 ## - ENCABEZAMIENTO DE MATERIA--TEMÁTICO
Término temático o nombre geográfico como elemento de entrada NOVELA PORTUGUESA
650 ## - ENCABEZAMIENTO DE MATERIA--TEMÁTICO
Término temático o nombre geográfico como elemento de entrada LITERATURA PORTUGUESA
700 12 - ASIENTO SECUNDARIO -- NOMBRE PERSONAL
Nombre personal Río, Pilar del,
Mención de responsabilidad tr.
942 ## - ADDED ENTRY ELEMENTS (KOHA)
Source of classification or shelving scheme Dewey Decimal Classification
Koha item type Libros
945 ## - INFORMACIÓN DE PROCESAMIENTO LOCAL
Información de procesamiento local Inventariado extranjero / 2017 VM
956 ## - LOCAL ELECTRONIC LOCATION AND ACCESS (OCLC)
Nombre de host YLOCKWARD
Campo enlazado y núm. de secuencia 10
Información de compresión BPMSU
Existencias
Withdrawn status Lost status Source of classification or shelving scheme Damaged status Not for loan Collection code Home library Current library Date acquired Source of acquisition Total Checkouts Full call number Barcode Date last seen Price effective from Koha item type Copy number
    Dewey Decimal Classification     Colección General Biblioteca Pública Metropolitana Salomé Ureña Biblioteca Pública Metropolitana Salomé Ureña 07/08/2016 Alfaguara   869.342 S243c 2010 BPMSU16070251 07/08/2016 07/08/2016 Libros  
    Dewey Decimal Classification     Colección General Biblioteca Pública Metropolitana Salomé Ureña Biblioteca Pública Metropolitana Salomé Ureña 07/08/2016 Alfaguara   869.342 S243c 2010 BPMSU16070252 07/08/2016 07/08/2016 Libros e. 2
    Dewey Decimal Classification     Colección General Biblioteca Pública Metropolitana Salomé Ureña Biblioteca Pública Metropolitana Salomé Ureña 07/08/2016 Alfaguara   869.342 S243c 2010 BPMSU16070253 07/08/2016 07/08/2016 Libros e. 3